Normal view
MARC view
- Cameron, c.m
Entry Personal Name
001 - CONTROL NUMBER
- control field: 42998
003 - CONTROL NUMBER IDENTIFIER
- control field: NUST
005 - DATE AND TIME OF LATEST TRANSACTION
- control field: 20210314132506.0
008 - FIXED-LENGTH DATA ELEMENTS
- fixed length control field: 210314|| aca||aabn | a|a d
040 ## - CATALOGING SOURCE
- Original cataloging agency: NUST
- Transcribing agency: NUST
100 ## - HEADING--PERSONAL NAME
- Personal name: Cameron, c.m
670 ## - SOURCE DATA FOUND
- Source citation: Work cat.: (NUST): Cameron, c.m., Abstract journal in Earthquake engineering, c1993.
